Physical and thermodynamic properties of pure chemicals : data compilation /
Guardado en:
| Autor Principal: | |
|---|---|
| Otros Autores: | |
| Formato: | Libro |
| Idioma: | English |
| Publicado: |
Washington, DC :
Taylor & Francis,
c1989-
|
| Materias: | |
| Etiquetas: |
Agregar Etiqueta
Sin Etiquetas, Sea el primero en etiquetar este registro!
|
| LEADER | 01188cam a22002775a 4500 | ||
|---|---|---|---|
| 001 | EIQ.libpla001669 | ||
| 008 | 890309m19899999dcu######b####000#0#eng#d | ||
| 005 | 20061211154744.0 | ||
| 245 | 0 | 0 | |a Physical and thermodynamic properties of pure chemicals : |b data compilation / |c T.E. Daubert ... [et al.]. |
| 260 | |a Washington, DC : |b Taylor & Francis, |c c1989- | ||
| 300 | |a v. (de hojas sueltas) ; |c 30 cm. | ||
| 500 | |a Descripciónn basada en: 1996. | ||
| 504 | |a Incluye referencias bibliográficas. | ||
| 020 | |a 0891169482 (hojas sueltas) | ||
| 100 | 1 | |a Daubert, T. E. |q (Thomas E.), |d 1937- | |
| 700 | 1 | |a Danner, R. P. |q (Ronald P.), |d 1939- | |
| 082 | 0 | 0 | |a 661/.00212 |2 20 |
| 650 | 0 | |a Productos químicos |x Tablas. | |
| 650 | 0 | |a Chemicals |x Tables. | |
| 010 | |a 89031740 | ||
| 040 | |a DLC |c DLC |d AR-BbSID | ||
| 859 | |a AR-BbSID |b BIB. PLAPIQUI |h 541.36 |i D 263 |k R |p 3805 |v Vol. 1 |3 Vol. 1 | ||
| 859 | |a AR-BbSID |b BIB. PLAPIQUI |h 541.36 |i D 263 |k R |p 3806 |v Vol. 2 |3 Vol. 2 | ||
| 859 | |a AR-BbSID |b BIB. PLAPIQUI |h 541.36 |i D 263 |k R |p 3807 |v Vol. 3 |3 Vol. 3 | ||
| 859 | |a AR-BbSID |b BIB. PLAPIQUI |h 541.36 |i D 263 |k R |p 3808 |v Vol. 4 |3 Vol. 4 | ||
| 859 | |a AR-BbSID |b BIB. PLAPIQUI |h 541.36 |i D 263 |k R |p 4290 |v Vol. 5 |3 Vol. 5 | ||
